000
00250nam a22001097a 4500
082
_a
M4
_b
NIT/N
100
_a
Nitya Chaithanya Yathi
245
_a
Nervazhi
260
_a
Fernhill:
_b
Nitya Books,
_c
1997.
650
_a
Literature Malayalam
942
_c
BK
999
_c
175066
_d
175066